Paesi per produzione di veicoli - Statistics

Statistiche generali
  • Questo quiz è stato fatto 39 volte
  • Il punteggio medio è 18 su 20
Statistiche sulle risposte
Continente Veicoli prodotti Stato % Corretto
Asia 26 082 220 Cina
100%
Europa 1 351 308 Francia
100%
Europa 3 308 692 Germania
100%
Asia 7 846 955 Giappone
100%
Asia 4 399 112 India
100%
Europa 795 856 Italia
100%
Europa 2 098 133 Spagna
100%
America del Nord 9 167 214 Stati Uniti
100%
America del Nord 1 115 002 Canada
97%
Europa 932 488 Regno Unito
97%
Asia / Europa 1 566 317 Russia
97%
Asia / Europa 1 276 140 Turchia
97%
America del Sud 2 248 253 Brasile
94%
America del Nord 3 145 653 Messico
94%
Asia 3 462 404 Corea del Sud
91%
Asia 1 121 967 Indonesia
89%
Asia 1 685 705 Thailandia
77%
Asia 894 298 Iran
71%
Europa 1 111 432 Repubblica Ceca
69%
Europa 1 000 000 Slovacchia
57%
Nessun quiz corrispondente trovato
Distribuzione punteggi
Percentuale di utenti per punteggio
Percentile per numero di risposta
I tuoi punteggi nel tempo
Non hai fatto questo quiz